000 00755nam a2200253 a 4500
999 _c5400
_d5400
001 539329
003 GBCCL
005 20241126110540.0
008 870625s1987 nbu 000 0deng
010 _a 87151378
020 _a0847465160 (pbk.) :
_c$2.25
040 _aDLC
_cDLC
_dDLC
050 0 0 _aBS435
_b.W44 1987
082 0 0 _a929.440882
_219
_bWIE
100 1 _aWiersbe, Warren W.
_9623
245 1 0 _aWhat shall we name the baby? /
_cby Warren W. Wiersbe.
260 _aLincoln, Neb. :
_bBack to the Bible,
_cc1987.
300 _a147 p. ;
_c18 cm.
650 0 _aNames in the Bible.
_96293
650 0 _aNames, Personal.
_99704
906 _a7
_bcbc
_corignew
_d3
_encip
_f19
_gy-gencatlg
942 _2ddc
_cBK
_01